000 00520nam a2200193Ia 4500
008 131103s9999 xx 000 0 und d
040 _aLoreto College
041 _aEnglish
082 _a823.91/CON
_bLCLIB(Press)/
100 _aConrad,Joseph
245 _aLord Jim
_cJoseph Conrad
260 _a[s.l.]
_b[s.n.]
_c[19?]
300 _a145 p.
_c 19 cm.
504 _aIncludes bibliographical references
650 _aJim, Lord
651 _aEnglish fiction - criticism
850 _aLCLIB/823.91/CON
942 _cBK
999 _c24913
_d75392